| 000 | 00586nam a2200181 i 4500 | ||
|---|---|---|---|
| 001 | 66246 | ||
| 003 | ES-MaACL | ||
| 007 | t| | ||
| 008 | 040129s1982 sp ||||1| spa d | ||
| 100 | 1 |
_aGalbraith, John Kenneth. _953345 |
|
| 245 | 1 | 0 |
_aAnales de un liberal impenitente / _cJohn k. Galbraith ; [traducción Ramón Alcalde]. |
| 250 | _a[1ª ed.]. | ||
| 260 |
_a[Barcelona] : _bGedisa, _c[1982] |
||
| 300 |
_a2 v. ; _c20 cm. |
||
| 505 | 8 | _aContiene: T. I: Temas económicos. -- T. II: Historia personal | |
| 700 | 1 |
_aAlcalde, Ramón. _919482 |
|
| 852 |
_aES-MaACL _jL-4582-3 _bR.105148 |
||
| 999 |
_c66246 _d66246 |
||